Lyrics - City of stars (La la land) - Statistiques

Statistiques générales
  • Ce quiz a été pris 34 fois
    7 depuis la dernière actualisation
  • Le résultat moyen est 138 sur 156
Statistiques - réponses
Réponse % Correct
A
100%
a
100%
Are
100%
can't
100%
City
100%
crazy
100%
dance.
100%
eyes,
100%
feeling.
100%
for
100%
glance,
100%
heart.
100%
I
100%
in
100%
just
100%
Just
100%
know.
100%
light
100%
Look
100%
me ?
100%
much
100%
my
100%
never
100%
of
100%
on
100%
one
100%
see.
100%
shining
100%
skies.
100%
so
100%
stars,
100%
stars
100%
that
100%
That
100%
the
100%
There
100%
There's
100%
to
100%
To
100%
touch,
100%
up
100%
Who
100%
you
100%
you.
100%
You
100%
all
80%
alright. "
80%
And
80%
and
80%
be
80%
brightly.
80%
care
80%
'cause
80%
come
80%
crowded
80%
don't
80%
dreams,
80%
else.
80%
embrace
80%
everybody
80%
felt
80%
finally
80%
first
80%
from
80%
From
80%
go
80%
here,
80%
if
80%
" i'll
80%
is
80%
it
80%
It's
80%
knows ?
80%
looking
80%
love,
80%
love.
80%
open
80%
rat
80%
restaurants.
80%
says
80%
shared
80%
shined
80%
somebody's
80%
someone
80%
thing
80%
this
80%
through
80%
true.
80%
want
80%
wants.
80%
we're
80%
where
80%
will
80%
with
80%
world
80%
you'll
80%
bars.
60%
our
60%
reeling.
60%
rush,
60%
send
60%
smokescreen
60%
stay.
60%
tat
60%
they've
60%
Think
60%
voice
60%
yes,
60%
now
40%
need's
20%
Aucun quiz correspondant
Distribution des résultats
% des personnes avec chaque résultat
Percentile par nombre de réponses
Votre historique - résultats
Vous n’avez pas pris ce quiz depuis la dernière actualisation